UBT Library

Brock biology of microorganisms / (Record no. 45195)

000 -LEADER
fixed length control field 00758cam a22002414a 4500
001 - CONTROL NUMBER
control field 1686081
005 - DATE AND TIME OF LATEST TRANSACTION
control field 20180316043129.0
008 - FIXED-LENGTH DATA ELEMENTS--GENERAL INFORMATION
fixed length control field 990507s2000 njua 001 0 eng
010 ## - LIBRARY OF CONGRESS CONTROL NUMBER
LC control number 99030064
020 ## - INTERNATIONAL STANDARD BOOK NUMBER
International Standard Book Number 0130819220
040 ## - CATALOGING SOURCE
Original cataloging agency DLC
Transcribing agency DLC
Modifying agency DLC
041 ## - LANGUAGE CODE
Language code of text/sound track or separate title eng
042 ## - AUTHENTICATION CODE
Authentication code pcc
080 ## - UNIVERSAL DECIMAL CLASSIFICATION NUMBER
Universal Decimal Classification number 579 MAD
082 00 - DEWEY DECIMAL CLASSIFICATION NUMBER
Classification number 579 MAD
Edition number 21
100 1# - Rafti
Rafti 11
101 ## - Shkurtesa
Shkurtesa BIO
245 10 - TITLE STATEMENT
Title Brock biology of microorganisms /
Statement of responsibility, etc Michael T. Madigan, John M. Martinko, Jack Parker.
246 30 - VARYING FORM OF TITLE
Title proper/short title Biology of microorganisms
906 ## - LOCAL DATA ELEMENT F, LDF (RLIN)
a 7
b cbc
c orignew
d 1
e ocip
f 19
g y-gencatlg
942 ## - ADDED ENTRY ELEMENTS (KOHA)
Source of classification or shelving scheme
Item type Books
Holdings
Withdrawn status Lost status Source of classification or shelving scheme Damaged status Not for loan Collection code Permanent location Current location Shelving location Date acquired Total Checkouts Full call number Barcode Date last seen Price effective from Koha item type
          Koleksioni i përgjithshem UBT - Lipjan UBT - Lipjan Koleksioni i përgjithshem 03/16/2018   579 MAD 002-3001640 03/16/2018 03/16/2018 Books
UBT Library © 2015-2024. All rights reserved University Education for Business and Technology